[Event "ENG-ch Senior 50+"]
[Site "Leamington"]
[Date "2023.05.07"]
[Round "5.14"]
[White "McMahon, Paul"]
[Black "Betts, Richard"]
[Result "1-0"]
[WhiteElo "1898"]
[BlackElo "1752"]
[PlyCount "111"]
[EventDate "2023.05.04"]
[EventType "swiss"]
[EventRounds "7"]
[EventCountry "ENG"]
[SourceTitle "BritBase"]
[Source "John Saunders"]
[SourceDate "2023.05.08"]
[SourceVersion "1"]
[SourceVersionDate "2023.05.08"]
[SourceQuality "1"]

1. e4 e6 2. d4 d5 3. exd5 exd5 4. Nf3 Bd6 5. Bd3 Nc6 6. O-O Bg4 7. Re1+ Nge7 8.
c3 Qd7 9. h3 Bh5 10. Nbd2 O-O-O 11. b4 Rde8 12. Qc2 Bg6 13. b5 Bxd3 14. Qxd3
Nd8 15. a4 g5 16. Ne5 Bxe5 17. dxe5 g4 18. Ba3 gxh3 19. Qxh3 Qxh3 20. gxh3 Ng6
21. Nf3 Re6 22. Re3 Rhe8 23. Rae1 Rg8 24. Kh2 Nf4 25. Nh4 Rg5 26. Bc1 Rh5 27.
Rf3 Ng6 28. Nxg6 hxg6 29. Bf4 g5 30. Bd2 g4 31. Rfe3 gxh3 32. f4 Reh6 33. Rd3
c6 34. Ree3 Ne6 35. Rxh3 Rxh3+ 36. Rxh3 Rxh3+ 37. Kxh3 Nc5 38. bxc6 bxc6 39. a5
a6 40. Be3 Ne6 41. Kg4 Kd7 42. f5 Nd8 43. Bb6 Nb7 44. Kg5 c5 45. Kf6 Ke8 46. e6
fxe6 47. Kxe6 d4 48. cxd4 cxd4 49. Bxd4 Nxa5 50. f6 Nb7 51. f7+ Kf8 52. Bg7+
Kxg7 53. Ke7 Nc5 54. f8=Q+ Kg6 55. Qf6+ Kh7 56. Qf5+ 1-0

[Event "ENG-ch Senior 50+"]
[Site "Leamington"]
[Date "2023.05.07"]
[Round "5.15"]
[White "Homer, Neil S"]
[Black "Singhal, Saket"]
[Result "1/2-1/2"]
[WhiteElo "1534"]
[BlackElo "1596"]
[PlyCount "80"]
[EventDate "2023.05.04"]
[EventType "swiss"]
[EventRounds "7"]
[EventCountry "ENG"]
[SourceTitle "BritBase"]
[Source "John Saunders"]
[SourceDate "2023.05.08"]
[SourceVersion "1"]
[SourceVersionDate "2023.05.08"]
[SourceQuality "1"]

1. e4 c6 2. d4 d5 3. exd5 cxd5 4. Bd3 Nc6 5. c3 e6 6. Bf4 Bd6 7. Bxd6 Qxd6 8.
Nf3 Nf6 9. O-O O-O 10. Re1 h6 11. Nbd2 Nd7 12. Bb5 a6 13. Bxc6 bxc6 14. Ne5 Rb8
15. Nxd7 Bxd7 16. Nb3 f6 17. Qd2 Rbe8 18. Re3 e5 19. Rae1 e4 20. Nc5 Bc8 21.
Rg3 f5 22. Rge3 f4 23. R3e2 Qg6 24. f3 e3 25. Qd3 Qg5 26. Kh1 a5 27. Rg1 Bf5
28. Qd1 Ra8 29. Qe1 Rae8 30. g3 Be4 31. Nxe4 dxe4 32. gxf4 Qxf4 33. Rxe3 exf3
34. Rxe8 f2 35. Qe6+ Kh8 36. Rxf8+ Qxf8 37. Qe2 Qf5 38. Kg2 fxg1=Q+ 39. Kxg1
Qb1+ 40. Kg2 Qxa2 1/2-1/2

[Event "ENG-ch Senior 50+"]
[Site "Leamington"]
[Date "2023.05.07"]
[Round "5.16"]
[White "Wall, Robert"]
[Black "Chantrell, Paul"]
[Result "1-0"]
[WhiteElo "1682"]
[BlackElo "1576"]
[PlyCount "107"]
[EventDate "2023.05.04"]
[EventType "swiss"]
[EventRounds "7"]
[EventCountry "ENG"]
[SourceTitle "BritBase"]
[Source "John Saunders"]
[SourceDate "2023.05.08"]
[SourceVersion "1"]
[SourceVersionDate "2023.05.08"]
[SourceQuality "1"]

1. d4 d5 2. c4 c6 3. Nc3 Nf6 4. Nf3 dxc4 5. a4 Bf5 6. e3 e6 7. Bxc4 Bb4 8. O-O
Nbd7 9. Qb3 a5 10. Na2 c5 11. Rd1 Qc7 12. Bb5 O-O 13. Nc3 Bg4 14. Be2 Bxc3 15.
bxc3 Rfd8 16. Ba3 Nd5 17. Rac1 Rdc8 18. Rd2 c4 19. Qb1 f6 20. Ng5 Bf5 21. e4
Qf4 22. exf5 Qxd2 23. fxe6 fxg5 24. exd7 Rc7 25. Bg4 Qf4 26. Be6+ Kh8 27. Bxd5
Rxd7 28. Bxc4 Rc7 29. Bd3 Rac8 30. Bb2 Re8 31. c4 Rce7 32. Bc3 g4 33. d5 b6 34.
Rd1 Qd6 35. Bxh7 Re2 36. Bd3 R2e7 37. Bd2 Qa3 38. Be3 Qxa4 39. Bxb6 Qa3 40. Be3
Qd6 41. Qb5 Qa3 42. c5 Qc3 43. d6 Re5 44. g3 Rf8 45. Rc1 Qa3 46. Qc4 Qb2 47.
Qc3 Qxc3 48. Rxc3 Rd8 49. Ra3 Kg8 50. Rxa5 g5 51. Bc4+ Kf8 52. Ra7 Ke8 53. Rg7
Rf5 54. Be6 1-0

[Event "ENG-ch Senior 50+"]
[Site "Leamington"]
[Date "2023.05.07"]
[Round "6.1"]
[White "Hebden, Mark L"]
[Black "Arkell, Keith C"]
[Result "1/2-1/2"]
[WhiteElo "2434"]
[BlackElo "2390"]
[PlyCount "87"]
[EventDate "2023.05.04"]
[EventType "swiss"]
[EventRounds "7"]
[EventCountry "ENG"]
[SourceTitle "BritBase"]
[Source "John Saunders"]
[SourceDate "2023.05.08"]
[SourceVersion "1"]
[SourceVersionDate "2023.05.08"]
[SourceQuality "1"]

1. d4 Nf6 2. Bg5 d5 3. e3 e6 4. Nd2 Nbd7 5. Ngf3 Be7 6. Bd3 a6 7. c3 b6 8. O-O
Bb7 9. Ne5 Nxe5 10. dxe5 Nd7 11. Bxe7 Qxe7 12. f4 f6 13. Qh5+ Qf7 14. Qe2 Nc5
15. b4 Nxd3 16. Qxd3 fxe5 17. fxe5 Qh5 18. Qd4 Ke7 19. a4 Rac8 20. Nb3 Rhf8 21.
a5 Rxf1+ 22. Rxf1 Rf8 23. Rxf8 Kxf8 24. h3 Bc8 25. axb6 cxb6 26. Qxb6 Qxe5 27.
Qd4 Qxd4 28. exd4 Ke7 29. Kf2 Kf6 30. Ke3 Bd7 31. Nd2 g5 32. c4 dxc4 33. Nxc4
Bc6 34. Kf2 Kf5 35. Nd6+ Kf6 36. g3 e5 37. Ke3 exd4+ 38. Kxd4 Bg2 39. h4 gxh4
40. gxh4 Kg6 41. Ke3 Bd5 42. Kf4 Kf6 43. Nf5 Ke6 44. Nd4+ 1/2-1/2

[Event "ENG-ch Senior 50+"]
[Site "Leamington"]
[Date "2023.05.07"]
[Round "6.2"]
[White "Davies, Nigel R"]
[Black "Crocker, Philip J"]
[Result "1-0"]
[WhiteElo "2379"]
[BlackElo "2148"]
[PlyCount "83"]
[EventDate "2023.05.04"]
[EventType "swiss"]
[EventRounds "7"]
[EventCountry "ENG"]
[SourceTitle "BritBase"]
[Source "John Saunders"]
[SourceDate "2023.05.08"]
[SourceVersion "1"]
[SourceVersionDate "2023.05.08"]
[SourceQuality "1"]

1. g3 d5 2. Nf3 Bg4 3. Bg2 Nd7 4. c4 e6 5. cxd5 exd5 6. O-O Ngf6 7. h3 Bxf3 8.
Bxf3 c6 9. d3 Bc5 10. Qc2 O-O 11. Bg2 Re8 12. e3 Bb6 13. Nd2 Ne5 14. Nf3 Qd7
15. Nh2 Qf5 16. Rd1 Rad8 17. a4 Bc7 18. b4 Bb8 19. Bb2 h5 20. Qe2 h4 21. g4 Qe6
22. Nf3 Ng6 23. Qf1 Nxg4 24. hxg4 Qxg4 25. Nh2 Qxb4 26. Rab1 Qd6 27. Nf3 h3 28.
Bxh3 Nh4 29. Qe2 d4 30. Bxd4 Qg6+ 31. Kf1 Nf5 32. Bxf5 Qxf5 33. Ba1 Bc7 34. Qb2
f6 35. Qb3+ Rd5 36. Ke2 Bb6 37. Rh1 Qe6 38. Rh4 f5 39. Rbh1 Bxe3 40. Rh8+ Kf7
41. Rxe8 Kxe8 42. fxe3 1-0

[Event "ENG-ch Senior 50+"]
[Site "Leamington"]
[Date "2023.05.07"]
[Round "6.3"]
[White "Alldritt, Nigel R"]
[Black "Lewis, Andrew P"]
[Result "0-1"]
[WhiteElo "1954"]
[BlackElo "2230"]
[PlyCount "58"]
[EventDate "2023.05.04"]
[EventType "swiss"]
[EventRounds "7"]
[EventCountry "ENG"]
[SourceTitle "BritBase"]
[Source "John Saunders"]
[SourceDate "2023.05.08"]
[SourceVersion "1"]
[SourceVersionDate "2023.05.08"]
[SourceQuality "1"]

1. d4 Nf6 2. c4 c5 3. d5 b5 4. cxb5 a6 5. bxa6 Bxa6 6. Nc3 g6 7. e4 Bxf1 8.
Kxf1 d6 9. g3 Bg7 10. Kg2 O-O 11. Nf3 Nbd7 12. Qc2 Qb6 13. a4 Qb4 14. Ra3 Rfb8
15. Re1 Ng4 16. Nb5 Nde5 17. Nxe5 Nxe5 18. Bd2 Qc4 19. Qb1 h5 20. f4 Rxa4 21.
b3 Qxb5 22. Rxa4 Nd3 23. Rf1 Nb2 24. Ra7 Bd4 25. Be1 Qe2+ 26. Bf2 Nd3 27. Qd1
Qxe4+ 28. Kg1 Nxf2 29. Rxf2 c4 0-1

[Event "ENG-ch Senior 50+"]
[Site "Leamington"]
[Date "2023.05.07"]
[Round "6.4"]
[White "Bradbury, Neil H"]
[Black "Wells, Peter K"]
[Result "1/2-1/2"]
[WhiteElo "2215"]
[BlackElo "2356"]
[PlyCount "24"]
[EventDate "2023.05.04"]
[EventType "swiss"]
[EventRounds "7"]
[EventCountry "ENG"]
[SourceTitle "BritBase"]
[Source "John Saunders"]
[SourceDate "2023.05.08"]
[SourceVersion "1"]
[SourceVersionDate "2023.05.08"]
[SourceQuality "1"]

1. d4 Nf6 2. c4 e6 3. Nf3 d5 4. g3 Bb4+ 5. Bd2 Be7 6. Bg2 c6 7. Qc2 Nbd7 8. O-O
O-O 9. Bf4 b6 10. cxd5 cxd5 11. Rc1 Bb7 12. Nc3 Rc8 1/2-1/2

[Event "ENG-ch Senior 50+"]
[Site "Leamington"]
[Date "2023.05.07"]
[Round "6.5"]
[White "Macfarlane, Donald"]
[Black "Brett, Andrew R"]
[Result "1-0"]
[WhiteElo "2207"]
[BlackElo "2085"]
[PlyCount "100"]
[EventDate "2023.05.04"]
[EventType "swiss"]
[EventRounds "7"]
[EventCountry "ENG"]
[SourceTitle "BritBase"]
[Source "John Saunders"]
[SourceDate "2023.05.08"]
[SourceVersion "1"]
[SourceVersionDate "2023.05.08"]
[SourceQuality "1"]

1. c4 e5 2. Nc3 d6 3. g3 f5 4. Bg2 Nf6 5. d3 Be7 6. b4 O-O 7. Rb1 Kh8 8. b5 c6
9. bxc6 bxc6 10. Nf3 Qe8 11. c5 Be6 12. cxd6 Bxd6 13. Qa4 Qe7 14. O-O Nbd7 15.
Bd2 Nc5 16. Qh4 Bd7 17. d4 exd4 18. Nxd4 Rac8 19. Rfc1 Qf7 20. Nf3 Rfe8 21. Qd4
Qf8 22. Bf4 Bxf4 23. gxf4 Ne6 24. Qc4 Ne4 25. e3 N6c5 26. Nxe4 Nxe4 27. Rb7 Be6
28. Qd4 c5 29. Qa4 Bd5 30. Rxa7 c4 31. Ne5 c3 32. Qd4 Red8 33. Rd7 Rxd7 34.
Nxd7 Qa3 35. Rc2 Bxa2 36. Nb6 Rb8 37. Bxe4 fxe4 38. Rxc3 Qa6 39. Rc6 Qb5 40.
Rc7 Rg8 41. Nc8 Qb1+ 42. Kg2 Be6 43. Ne7 Bg4 44. Nxg8 Bf3+ 45. Kh3 Qf1+ 46. Kh4
Qxf2+ 47. Kg5 Qg2+ 48. Kf5 Qg6+ 49. Ke5 Qe8+ 50. Ne7 Qh5+ 1-0

[Event "ENG-ch Senior 50+"]
[Site "Leamington"]
[Date "2023.05.07"]
[Round "6.6"]
[White "Baer, Bruce L"]
[Black "Thompson, Ian D"]
[Result "1-0"]
[WhiteElo "1950"]
[BlackElo "2064"]
[PlyCount "81"]
[EventDate "2023.05.04"]
[EventType "swiss"]
[EventRounds "7"]
[EventCountry "ENG"]
[SourceTitle "BritBase"]
[Source "John Saunders"]
[SourceDate "2023.05.08"]
[SourceVersion "1"]
[SourceVersionDate "2023.05.08"]
[SourceQuality "1"]

1. Nf3 d5 2. g3 Bg4 3. Ne5 Bf5 4. g4 Bc8 5. e3 f6 6. Nd3 e5 7. Bg2 Be6 8. b3
Nc6 9. Bb2 Qd7 10. h3 Bd6 11. Nc3 Nce7 12. f4 c6 13. Qe2 Qc7 14. O-O-O O-O-O
15. Kb1 Nh6 16. fxe5 fxe5 17. Na4 Rhf8 18. Rhf1 Ng6 19. e4 d4 20. g5 Ng8 21.
Nac5 Qe7 22. Ba3 Rxf1 23. Rxf1 Rf8 24. Rxf8+ Nxf8 25. Nxe6 Qxe6 26. Bxd6 Qxd6
27. h4 Ne7 28. Bh3+ Kc7 29. h5 c5 30. Qf3 Nd7 31. Qf7 b5 32. Bxd7 Kxd7 33. Qxg7
c4 34. Nxe5+ Kc7 35. Nf7 Qd7 36. Qe5+ Kc6 37. g6 hxg6 38. h6 d3 39. h7 dxc2+
40. Kc1 Qh3 41. Qf6+ 1-0

[Event "ENG-ch Senior 50+"]
[Site "Leamington"]
[Date "2023.05.07"]
[Round "6.7"]
[White "Byron, Alan M"]
[Black "Henderson, David"]
[Result "1/2-1/2"]
[WhiteElo "2181"]
[BlackElo "2116"]
[PlyCount "90"]
[EventDate "2023.05.04"]
[EventType "swiss"]
[EventRounds "7"]
[EventCountry "ENG"]
[SourceTitle "BritBase"]
[Source "John Saunders"]
[SourceDate "2023.05.08"]
[SourceVersion "1"]
[SourceVersionDate "2023.05.08"]
[SourceQuality "1"]

1. d4 d5 2. c4 e6 3. Nc3 Nf6 4. Nf3 a6 5. cxd5 exd5 6. Bg5 Be7 7. Qc2 Nbd7 8.
e3 c6 9. Bd3 O-O 10. h3 Re8 11. Bf4 Nf8 12. g4 b5 13. Ne5 Bb7 14. g5 N6d7 15.
Nxd7 Qxd7 16. Bf5 Qd8 17. h4 c5 18. Ne2 cxd4 19. Nxd4 Bd6 20. Bxd6 Qxd6 21. Rc1
Re7 22. Qc5 Qd8 23. Ke2 Ne6 24. Bxe6 fxe6 25. Nc6 Bxc6 26. Qxc6 Raa7 27. Qc8
Qxc8 28. Rxc8+ Kf7 29. h5 Rac7 30. Rc1 Rxc1 31. Rxc1 h6 32. gxh6 gxh6 33. Rg1
Rc7 34. Kd2 Rc4 35. Rg6 Ra4 36. a3 b4 37. axb4 Rxb4 38. Kc3 Rh4 39. Rxh6 Rh2
40. Rh7+ Kf6 41. Rh8 Ke5 42. Rf8 Rxh5 43. Ra8 Rh2 44. f4+ Kf5 45. Rxa6 Re2
1/2-1/2

[Event "ENG-ch Senior 50+"]
[Site "Leamington"]
[Date "2023.05.07"]
[Round "6.9"]
[White "Gardiner, Eric D"]
[Black "Wilson, Matthew R"]
[Result "0-1"]
[WhiteElo "1830"]
[BlackElo "1747"]
[PlyCount "92"]
[EventDate "2023.05.04"]
[EventType "swiss"]
[EventRounds "7"]
[EventCountry "ENG"]
[SourceTitle "BritBase"]
[Source "John Saunders"]
[SourceDate "2023.05.08"]
[SourceVersion "1"]
[SourceVersionDate "2023.05.08"]
[SourceQuality "1"]

1. e4 e5 2. Nf3 Nf6 3. Nc3 Nc6 4. d4 exd4 5. Nxd4 Bb4 6. Nxc6 bxc6 7. Bd3 O-O
8. O-O d5 9. exd5 Bg4 10. Ne2 cxd5 11. c3 Bd6 12. Bg5 h6 13. Bh4 c5 14. f3 Bd7
15. Qd2 Re8 16. Rad1 Bf8 17. Rfe1 Rb8 18. Bb1 Bb5 19. Qc2 g5 20. Bg3 Rb6 21.
Nc1 Rbe6 22. Nd3 Bxd3 23. Qxd3 Bg7 24. Rxe6 Rxe6 25. Bf2 Qe7 26. Kf1 Re5 27.
Rd2 Nh5 28. Re2 Rxe2 29. Qxe2 Qxe2+ 30. Kxe2 Nf4+ 31. Kd2 d4 32. cxd4 Bxd4 33.
Bxd4 cxd4 34. g3 Ne6 35. Bf5 Kf8 36. Bxe6 fxe6 37. Kd3 e5 38. f4 exf4 39. gxf4
g4 40. Kxd4 h5 41. Ke4 Kf7 42. b4 Kf6 43. a4 h4 44. b5 h3 45. a5 g3 46. hxg3 h2
0-1

[Event "ENG-ch Senior 50+"]
[Site "Leamington"]
[Date "2023.05.07"]
[Round "6.10"]
[White "Parker, Keith"]
[Black "Miller, George I"]
[Result "1-0"]
[WhiteElo "1827"]
[BlackElo "1849"]
[PlyCount "53"]
[EventDate "2023.05.04"]
[EventType "swiss"]
[EventRounds "7"]
[EventCountry "ENG"]
[SourceTitle "BritBase"]
[Source "John Saunders"]
[SourceDate "2023.05.08"]
[SourceVersion "1"]
[SourceVersionDate "2023.05.08"]
[SourceQuality "1"]

1. d4 e6 2. Nf3 c5 3. g3 cxd4 4. Nxd4 Nc6 5. Bg2 Nf6 6. O-O Qb6 7. Nb3 Be7 8.
Be3 Qc7 9. Nc3 O-O 10. Bf4 e5 11. Bg5 a6 12. Bxf6 Bxf6 13. Nd5 Qd8 14. Nxf6+
Qxf6 15. Nc5 d5 16. Qxd5 Rd8 17. Qc4 Rd4 18. Qc3 Bf5 19. e3 Rg4 20. Rad1 Rc8
21. e4 Nd4 22. Qb4 b6 23. exf5 bxc5 24. Qb7 Qxf5 25. c3 Ne2+ 26. Kh1 Rf8 27.
Qf3 1-0

[Event "ENG-ch Senior 50+"]
[Site "Leamington"]
[Date "2023.05.07"]
[Round "6.11"]
[White "Rich, Mark C"]
[Black "Hymer, Barry J"]
[Result "0-1"]
[WhiteElo "2070"]
[BlackElo "1898"]
[PlyCount "80"]
[EventDate "2023.05.04"]
[EventType "swiss"]
[EventRounds "7"]
[EventCountry "ENG"]
[SourceTitle "BritBase"]
[Source "John Saunders"]
[SourceDate "2023.05.08"]
[SourceVersion "1"]
[SourceVersionDate "2023.05.08"]
[SourceQuality "1"]

1. e4 d6 2. Nc3 Nf6 3. d4 e5 4. Nf3 Nbd7 5. Bc4 Be7 6. O-O O-O 7. a4 h6 8. h3
c6 9. Be3 exd4 10. Bxd4 Re8 11. Ba2 Nf8 12. Qd3 Be6 13. Bxe6 Nxe6 14. Be3 Qc7
15. Rad1 Bf8 16. Qc4 a6 17. Nh4 b5 18. Qd3 b4 19. Ne2 Ng5 20. f3 d5 21. exd5
Qe5 22. Kf2 Nxd5 23. Bd4 Nxh3+ 24. gxh3 Qh2+ 25. Ng2 Rxe2+ 26. Qxe2 Nf4 27. Qe4
Qxg2+ 28. Ke3 Bd6 29. Be5 Bc5+ 30. Bd4 Qg5 31. Rg1 Bxd4+ 32. Kxd4 Ne2+ 33. Qxe2
Qd5+ 34. Ke3 Re8+ 35. Kf4 g5+ 36. Kg4 f5+ 37. Kg3 f4+ 38. Kf2 Qc5+ 39. Kf1 Rxe2
40. Kxe2 Qe3+ 0-1

[Event "ENG-ch Senior 50+"]
[Site "Leamington"]
[Date "2023.05.07"]
[Round "6.12"]
[White "Donnelly, Andrew J"]
[Black "Ireland, David J"]
[Result "0-1"]
[WhiteElo "1586"]
[BlackElo "1911"]
[PlyCount "88"]
[EventDate "2023.05.04"]
[EventType "swiss"]
[EventRounds "7"]
[EventCountry "ENG"]
[SourceTitle "BritBase"]
[Source "John Saunders"]
[SourceDate "2023.05.08"]
[SourceVersion "1"]
[SourceVersionDate "2023.05.08"]
[SourceQuality "1"]

1. Nf3 Nf6 2. g3 d6 3. Bg2 e5 4. d3 Nc6 5. O-O g6 6. c4 Bg7 7. Nc3 O-O 8. a3
Nh5 9. Qc2 a5 10. Nd5 f5 11. e3 Be6 12. Bd2 h6 13. Rac1 Ne7 14. Nc3 c6 15. Qb3
Qd7 16. Na4 Nc8 17. Qc2 Kh7 18. b4 axb4 19. axb4 f4 20. exf4 exf4 21. Bc3 Bxc3
22. Nxc3 Bh3 23. Nh4 Bxg2 24. Kxg2 Ne7 25. Ne4 Nf5 26. Nf3 fxg3 27. hxg3 Rae8
28. Rh1 Kg8 29. Qd2 d5 30. Nc5 Qf7 31. Rh3 Ne3+ 32. fxe3 Qxf3+ 33. Kg1 Nxg3 34.
Rh2 Nf1 35. Qg2 Qxe3+ 36. Kh1 Nxh2 37. Qxg6+ Kh8 38. Rg1 Qf3+ 39. Rg2 Re1+ 40.
Kxh2 Qf4+ 41. Rg3 Qh4+ 42. Rh3 Rh1+ 43. Kxh1 Qxh3+ 44. Kg1 Rf1# 0-1

[Event "ENG-ch Senior 50+"]
[Site "Leamington"]
[Date "2023.05.07"]
[Round "6.13"]
[White "Gibbs, Dominic V"]
[Black "Cole, Graham L"]
[Result "1-0"]
[WhiteElo "1879"]
[BlackElo "1643"]
[PlyCount "127"]
[EventDate "2023.05.04"]
[EventType "swiss"]
[EventRounds "7"]
[EventCountry "ENG"]
[SourceTitle "BritBase"]
[Source "John Saunders"]
[SourceDate "2023.05.08"]
[SourceVersion "1"]
[SourceVersionDate "2023.05.08"]
[SourceQuality "1"]

1. e4 c5 2. c3 Nf6 3. d3 Nc6 4. f4 d5 5. e5 Bg4 6. Nf3 Nd7 7. Be2 e6 8. O-O Be7
9. Be3 O-O 10. Nbd2 f6 11. d4 c4 12. Rf2 b5 13. Nf1 b4 14. Ng3 f5 15. Rf1 bxc3
16. bxc3 Qa5 17. Qc2 Rab8 18. h3 Bxf3 19. Bxf3 g6 20. Ne2 Ba3 21. Rfb1 Rxb1+
22. Rxb1 Rb8 23. Rxb8+ Ndxb8 24. g4 Ne7 25. Bc1 Bxc1 26. Nxc1 Nbc6 27. Ne2 Qb5
28. Ng3 a5 29. Bd1 Qb6 30. Ne2 Qb5 31. Kf2 Kf7 32. Ke3 Ke8 33. Ng3 Kd7 34. Kd2
Kc7 35. Kc1 Nc8 36. Qb2 Qxb2+ 37. Kxb2 N6e7 38. h4 Kd7 39. Ka3 Nb6 40. Nh1 Ke8
41. Nf2 Kf7 42. Nh3 h6 43. h5 fxg4 44. Bxg4 gxh5 45. Bxh5+ Kg7 46. Ng1 Nf5 47.
Ne2 Kf8 48. Bg4 Ng7 49. Ng3 Kf7 50. f5 exf5 51. Nxf5 Nxf5 52. Bxf5 Ke7 53. Bg6
Kf8 54. Kb2 Kg7 55. Bh5 Kf8 56. Kc1 Ke7 57. Kd2 a4 58. a3 Ke6 59. Bg6 Na8 60.
Bc2 Nb6 61. Ke3 h5 62. Kf4 h4 63. Kg4 Nd7 64. Bf5+ 1-0

[Event "ENG-ch Senior 50+"]
[Site "Leamington"]
[Date "2023.05.07"]
[Round "6.14"]
[White "Betts, Richard"]
[Black "Regan, Natasha K"]
[Result "0-1"]
[WhiteElo "1752"]
[BlackElo "1981"]
[PlyCount "98"]
[EventDate "2023.05.04"]
[EventType "swiss"]
[EventRounds "7"]
[EventCountry "ENG"]
[SourceTitle "BritBase"]
[Source "John Saunders"]
[SourceDate "2023.05.08"]
[SourceVersion "1"]
[SourceVersionDate "2023.05.08"]
[SourceQuality "1"]

1. d4 d5 2. c4 dxc4 3. e3 Nf6 4. Bxc4 e6 5. Nf3 c5 6. O-O Nc6 7. Qe2 cxd4 8.
Rd1 Qa5 9. exd4 Be7 10. Nc3 O-O 11. Bf4 Qf5 12. Bg3 Nh5 13. d5 Nxg3 14. hxg3
exd5 15. Nxd5 Bc5 16. Bd3 Qh5 17. Rac1 Bd6 18. Rc4 Bg4 19. Ne3 Bxf3 20. gxf3 g6
21. Rh4 Qe5 22. f4 Qc5 23. Ng4 Kg7 24. b3 f5 25. Ne3 Be7 26. Rh3 Nd4 27. Qb2
Bf6 28. Qb1 Rac8 29. Bc4 Rfd8 30. g4 fxg4 31. Nxg4 Qc6 32. Nxf6 Qxf6 33. Qe4
Rc7 34. Rhd3 Re7 35. Qh1 Ne2+ 36. Kf1 Rxd3 37. Bxd3 Nxf4 38. Bc4 Qf5 39. Qf3
Qe5 40. Kg1 a6 41. Bf1 h5 42. Rd8 Qg5+ 43. Qg3 Qf6 44. Rd1 Re5 45. Rd7+ Kh6 46.
Qh2 Qg5+ 47. Qg3 Qf6 48. Kh1 Re1 49. Kg1 Ne2+ 0-1

[Event "ENG-ch Senior 50+"]
[Site "Leamington"]
[Date "2023.05.07"]
[Round "6.15"]
[White "Gunasekera, Asanga"]
[Black "Wall, Robert"]
[Result "0-1"]
[WhiteElo "1506"]
[BlackElo "1682"]
[PlyCount "152"]
[EventDate "2023.05.04"]
[EventType "swiss"]
[EventRounds "7"]
[EventCountry "ENG"]
[SourceTitle "BritBase"]
[Source "John Saunders"]
[SourceDate "2023.05.08"]
[SourceVersion "1"]
[SourceVersionDate "2023.05.08"]
[SourceQuality "1"]

1. d4 g6 2. Nf3 Bg7 3. e3 d6 4. Be2 f5 5. O-O Nf6 6. Bc4 e6 7. Re1 O-O 8. c3 a6
9. Qb3 d5 10. Bf1 Nc6 11. Nbd2 h6 12. Ne5 Nxe5 13. dxe5 Nd7 14. f4 b5 15. a4
bxa4 16. Qxa4 c5 17. Qc6 Qb6 18. Qxb6 Nxb6 19. Nb3 c4 20. Nc5 Rf7 21. Na4 Nxa4
22. Rxa4 a5 23. Bd2 Bd7 24. Ra2 Bc6 25. Rea1 a4 26. Be2 Bf8 27. Bc1 Bc5 28. Kf2
g5 29. g3 gxf4 30. gxf4 Bb6 31. Bd1 Ra5 32. h4 Rg7 33. h5 Bd8 34. Bf3 Bh4+ 35.
Ke2 Kh7 36. Bd2 Ra8 37. Rh1 Be7 38. Raa1 Rb8 39. Rhb1 Rg3 40. Be1 Rh3 41. Bf2
Be8 42. Ra2 Rh2 43. Rh1 Rxh1 44. Bxh1 Bxh5+ 45. Bf3 Be8 46. Kf1 Rb3 47. Bd1 Rb6
48. e4 Ra6 49. exf5 exf5 50. Bf3 Bc6 51. Ke2 Kg6 52. Kd2 Ra8 53. Ra1 Rb8 54.
Kc2 Rb3 55. Ra2 a3 56. bxa3 Bxa3 57. Bd4 Kf7 58. Bh5+ Ke6 59. Bg6 Ba4 60. Kd2
Rb2+ 61. Rxb2 Bxb2 62. Ke2 Bc2 63. Kd2 Be4 64. Bh5 Bg2 65. Ke3 Bc1+ 66. Kf2 Bh3
67. Be3 Bxe3+ 68. Kxe3 Bg4 69. Bxg4 fxg4 70. Kf2 Kf5 71. Ke3 h5 72. Kd4 g3 73.
Kxd5 g2 74. e6 g1=Q 75. e7 Qg8+ 76. Kd6 Qe8 0-1

[Event "ENG-ch Senior 50+"]
[Site "Leamington"]
[Date "2023.05.07"]
[Round "6.16"]
[White "Chantrell, Paul"]
[Black "Homer, Neil S"]
[Result "1-0"]
[WhiteElo "1576"]
[BlackElo "1534"]
[PlyCount "35"]
[EventDate "2023.05.04"]
[EventType "swiss"]
[EventRounds "7"]
[EventCountry "ENG"]
[SourceTitle "BritBase"]
[Source "John Saunders"]
[SourceDate "2023.05.08"]
[SourceVersion "1"]
[SourceVersionDate "2023.05.08"]
[SourceQuality "1"]

1. e4 c6 2. Nc3 d5 3. Nf3 Bg4 4. h3 Bxf3 5. Qxf3 e6 6. d3 Nf6 7. Bd2 Nbd7 8.
exd5 cxd5 9. O-O-O Bb4 10. a3 Bxc3 11. Bxc3 O-O 12. g4 Qc7 13. Re1 Rac8 14. g5
Ne8 15. Re2 g6 16. Bb4 Nc5 17. d4 a5 18. Bxc5 1-0

[Event "ENG-ch Senior 50+"]
[Site "Leamington"]
[Date "2023.05.08"]
[Round "7.1"]
[White "Arkell, Keith C"]
[Black "Lewis, Andrew P"]
[Result "1/2-1/2"]
[WhiteElo "2390"]
[BlackElo "2230"]
[PlyCount "32"]
[EventDate "2023.05.04"]
[EventType "swiss"]
[EventRounds "7"]
[EventCountry "ENG"]
[SourceTitle "BritBase"]
[Source "John Saunders"]
[SourceDate "2023.05.08"]
[SourceVersion "1"]
[SourceVersionDate "2023.05.08"]
[SourceQuality "1"]

1. d4 Nf6 2. Nf3 c5 3. d5 b5 4. Bg5 g6 5. Bxf6 exf6 6. e4 b4 7. Nbd2 Bg7 8. Nc4
O-O 9. Bd3 d6 10. O-O Qc7 11. a3 a5 12. axb4 cxb4 13. Nd4 Ba6 14. Rxa5 f5 15.
Nb5 Bxb5 16. Rxb5 fxe4 1/2-1/2

[Event "ENG-ch Senior 50+"]
[Site "Leamington"]
[Date "2023.05.08"]
[Round "7.2"]
[White "Macfarlane, Donald"]
[Black "Hebden, Mark L"]
[Result "0-1"]
[WhiteElo "2207"]
[BlackElo "2434"]
[PlyCount "40"]
[EventDate "2023.05.04"]
[EventType "swiss"]
[EventRounds "7"]
[EventCountry "ENG"]
[SourceTitle "BritBase"]
[Source "John Saunders"]
[SourceDate "2023.05.08"]
[SourceVersion "1"]
[SourceVersionDate "2023.05.08"]
[SourceQuality "1"]

1. c4 Nf6 2. g3 g6 3. Bg2 Bg7 4. Nc3 O-O 5. Nf3 d6 6. O-O e5 7. d3 Nc6 8. Rb1
a5 9. a3 Re8 10. b4 axb4 11. axb4 e4 12. Ne1 exd3 13. exd3 Bg4 14. Nf3 Ne5 15.
Bf4 Nfd7 16. Nd5 Ra3 17. Bxe5 Nxe5 18. Ne3 Bxf3 19. Bxf3 Rxd3 20. Qe2 Rd2 0-1

[Event "ENG-ch Senior 50+"]
[Site "Leamington"]
[Date "2023.05.08"]
[Round "7.3"]
[White "Davies, Nigel R"]
[Black "Dishman, Stephen"]
[Result "1/2-1/2"]
[WhiteElo "2379"]
[BlackElo "2259"]
[PlyCount "45"]
[EventDate "2023.05.04"]
[EventType "swiss"]
[EventRounds "7"]
[EventCountry "ENG"]
[SourceTitle "BritBase"]
[Source "John Saunders"]
[SourceDate "2023.05.08"]
[SourceVersion "1"]
[SourceVersionDate "2023.05.08"]
[SourceQuality "1"]

1. e4 c5 2. Nf3 g6 3. c4 Nc6 4. d4 cxd4 5. Nxd4 Nf6 6. Nc3 d6 7. Nc2 Bg7 8. Be2
Nd7 9. O-O O-O 10. Be3 Nc5 11. f3 Bxc3 12. bxc3 Qa5 13. Qe1 Be6 14. Nb4 Rac8
15. Nd5 f6 16. Kh1 Rf7 17. Qb1 b6 18. Rd1 Na4 19. Qb3 Nc5 20. Qb2 Na4 21. Qb3
Nc5 22. Qb1 Na4 23. Qb3 1/2-1/2